Culture Générale - Série 2072 - Statistiques

Statistiques générales
  • Ce quiz a été pris 99 fois
  • Le résultat moyen est 5 sur 10
Statistiques - réponses
Question Réponse % Correct
Quel mot d'argot désigne un gardien de prison ? maton
74%
Quel porcin sauvage vivant en Afrique est représenté sur la photographie ? phacochère
74%
Qui a écrit "Le discours de la méthode" en 1637 ? René Descartes
70%
Quel saint est le protecteur de la ville italienne de Venise ? Marc
67%
Couverture de voyage en lainage écossais plaid
67%
Quel mot désigne familièrement l'équipement du soldat ? - 5 lettres commençant par " b " barda
62%
Sur quelle île de l'Atlantique se trouvent les localités de Port-Joinville (anciennement Port-Breton), Saint-Sauveur (anciennement le bourg) et La Meule? Yeu
24%
Quel insecte est surnommé tigre de l'herbe, cheval du diable, ou Prie Dieu ? en 2 mots mante religieuse
14%
Quel mot désigne une terre nouvellement défrichée ? essart
12%
Pièce triangulaire souvent en plastique utilisée pour gratter les cordes de la guitare ou en informatique composant d'interface utilisateur onglet
9%
Aucun quiz correspondant
Distribution des résultats
% des personnes avec chaque résultat
Percentile par nombre de réponses
Votre historique - résultats
Vous n’avez pas pris ce quiz